000 00626nam a2200193Ia 4500
003 GCL
008 140319s9999 xx 000 0 ara d
040 _aGCL /
_cGCL
082 0 4 _a810.9
_bاا
100 1 _aاندرية, جاك ديشين
245 1 0 _aاستيعاب النصوص وتاليفها /
_cاندرية, جاك ديشين
260 _a[S.N] :
_bالمؤسسة الجامعية للدراسات والنشر والتوزيع ،
_c1991
300 _a164 ص
490 _a
650 0 4 _aالادب العربى
650 0 4 _aالبلاغة العربية
650 0 4 _aتاريخ ونقد
942 _2ddc
_cBK
999 _c52541
_d52541